00651nam a2200157Ia 4500008004100000100002100041245010800062245008100170260005300251260000900304300001200313650001500325856006100340999001900401952007300420170221s9999 xx 000 0 und d aOlga V. Bakanach aSmall Entrepreneurship in Russia: Development Trends, Structural Changes, Rating Assessment of Regions  cOlga V. Bakanach, Tatiana A. Dubrova, Mikhail A. Esenin, Svetlana V. Blinova bInternational Review of Management and Marketing c2016 a15 : 11 xMarketing. uhttp://www.econjournals.com/index.php/irmm/issue/view/83 c312268d312268 001040aCLbCLd2017-02-21l0r2017-02-21 00:00:00w2017-02-21yFOJ